000 00322nam a22001457a 4500
020 _axxxxxxxxxx
082 _aREF 380.1096. TRA
100 _aSlam
245 _aTrade Year book of Africa
250 _a6th ed.
260 _aMadrid
_bSlam
_c1968
300 _a1368p.
_bill.;27cm
500 _aIncludes index
942 _cBK
999 _c12591
_d12591